50 Charaktere aus Filmen & Serien - Statistiken

Allgemein
  • Dieses Quiz wurde 181 mal gespielt
  • Das Durchschnittsergebnis liegt bei 19 aus 50
Antwortstatistiken
Serie / Film(reihe) Hinweis Name % Korrekt
H____ P_____ Vorname beginnt mit H Harry Potter
90%
Die Chroniken von Narnia Vorname beginnt mit P Peter Pevensie
88%
Harry Potter Vorname beginnt mit R Ron Weasley
86%
Harry Potter Vorname beginnt mit H Hermine Granger
85%
Der Herr der Ringe Vorname beginnt mit F Frodo Beutlin
82%
Spider-Man Vorname beginnt mit P Peter Parker
80%
Star Wars Vorname beginnt mit L Luke Skywalker
78%
The Big Bang Theory Vorname beginnt mit S Sheldon Cooper
75%
Der Herr der Ringe Name beginnt mit G Gandalf
70%
Star Wars Titel beginnt mit D Darth Vader
64%
Fluch der Karibik Vorname beginnt mit S Käpt'n Jack Sparrow
59%
How I met your mother Vorname beginnt mit B Barney Stinson
57%
Two and a half men Vorname beginnt mit C Charlie Harper
55%
How I met your mother Vorname beginnt mit T Ted Mosby
55%
Die Tribute von Panem Vorname beginnt mit K Katniss Everdeen
54%
Breaking Bad Vorname beginnt mit W Walter White
54%
Star Wars Vorname beginnt mit H Han Solo
53%
Gute Zeiten, schlechte Zeiten Vorname beginnt mit J John Bachmann
52%
Der Herr der Ringe Name beginnt mit L Legolas
51%
Stranger Things Name beginnt mit E Eleven
48%
Fluch der Karibik Vorname beginnt mit E Elizabeth Swann
45%
Spider-Man Vorname beginnt mit M Mary Jane Watson
45%
The Big Bang Theory Vorname beginnt mit H Howard Wolowitz
41%
Fluch der Karibik Vorname beginnt mit W William Turner
40%
Transformers Name beginnt mit B Bumblebee
39%
Breaking Bad Vorname beginnt mit J Jesse Pinkman
39%
Transformers Vorname beginnt mit O Optimus Prime
38%
Stranger Things Vorname beginnt mit M Mike Wheeler
29%
Die Tribute von Panem Vorname beginnt mit P Peeta Mellark
27%
Game of Thrones Vorname beginnt mit J Jon Schnee
26%
Die Chroniken von Narnia Vorname beginnt mit L Lucy Pevensie
25%
Die Chroniken von Narnia Vorname beginnt mit S Susan Pevensie
22%
Game of Thrones Vorname beginnt mit T Tyrion Lennister
19%
Die Chroniken von Narnia Vorname beginnt mit E Edmund Pevensie
16%
Dr. House Vorname beginnt mit G Gregory House
15%
Tatort (Münster) Vorname beginnt mit F Frank Thiel
13%
Two and a half men Vorname beginnt mit W Walden Schmidt
13%
Tatort (Münster) Vorname beginnt mit K Karl-Friedrich Boerne
11%
Gute Zeiten, schlechte Zeiten Spitzname beginnt mit J Hans-Joachim Gerner
8%
Navy CIS Vorname beginnt mit L Leroy Jethro Gibbs
6%
Unter uns Vorname beginnt mit P Paco Weigel
4%
Navy CIS Vorname beginnt mit T Timothy McGee
4%
Großstadtrevier Vorname beginnt mit D Daniel Schirmer
3%
Unter uns Spitzname beginnt mit E Ingo „Easy“ Winter
2%
Under the Dome Vorname beginnt mit J Julia Shumway
2%
Under the Dome Vorname beginnt mit D Dale Barbara
1%
Dr. House Vorname beginnt mit L Lisa Cuddy
1%
Fringe - Grenzfälle des FBI Vorname beginnt mit O Olivia Dunham
1%
Fringe - Grenzfälle des FBI Vorname beginnt mit P Peter Bishop
1%
Großstadtrevier Vorname beginnt mit L Lukas Petersen
0%
Keine übereinstimmenden Quizze gefunden
Verteilung der Resultate
Anzahl Personen mit jedem Resultat
Perzentil nach korrekt beantworteten Fragen
Ihre Resultats-Entwicklung
Sie haben dieses Quiz noch nicht gespielt